| 000 | 00417nam a2200157Ia 4500 | ||
|---|---|---|---|
| 008 | 220204s9999 xx 000 0 und d | ||
| 082 |
_a581.52:622.063 _bHOT |
||
| 100 | _aHOTHERSALL, David C | ||
| 245 | 0 | _aTransport and the environment | |
| 260 |
_aLondon _bCrosby Lockwood _c1977 |
||
| 650 | _aAtmospheric Pollution | ||
| 650 | _aEcology | ||
| 650 | _aEnvironment | ||
| 700 | _aSALTER, Ricahard J | ||
| 942 | _cBK | ||
| 999 |
_c28734 _d28734 |
||